000 00463nam a2200181Ia 4500
001 19296
005 20260306172642.0
008 260306t1973||||xx |||||||||||||| ||spa||
041 _aESP
082 _a658.83
_bL582
100 _aLuck, David J. (et. ál)
_eAUT
245 0 _aInvestigación y análisis de mercado:
_baplicación y casos
260 _c1973
300 _a787 páginas :
_c21 cm.
650 _aGEN
654 _aCAN
942 _cLIB
_dJUS
_fJUS
_2ddc
_n
999 _c19296
_d19296